Quizzes
Events
Quiz Creation
Community
Videos
Private Events
Remove Ads
Sign In
Join for FREE
Feedback
Dark Mode
Quiz Categories
Sports
Geography
Music
Movies
Television
Just For Fun
Miscellaneous
History
Literature
Language
Science
Gaming
Entertainment
Religion
Holiday
For Kids
Quiz Lab
Recent
Popular Today
Quiz Kudos Today
Editor Picks
Curator Picks
Quizzes by...
Day
Popularity
Type
Ratings
Length
Year
Community
Subscriptions
Recent Discussions
Orange Saloon
Badges
Playlists
Quests
Create
Leaderboards
Showdown
Live 5
Trivia Bingo
Activity
Puzzle Library
Sporcle Events
Private Events
Virtual Trivia
Globe League
Become a Host
Pub Owners
SporcleCon
Opinionation
Our Games
Videos
Blog
Mobile Apps
Partnerships
Remove Ads and Go Orange
Feedback
Literature
Harry Potter
A Song of Ice and Fire
The Hunger Games
Literary Character
Shakespeare
Book
Author
Novel
Poem
Young Adult
Children's Books
Play
Lord of the Rings
Literature
Harry Potter
A Song of Ice and Fire
The Hunger Games
Literary Character
Shakespeare
Book
Author
Novel
Poem
Young Adult
Children's Books
Play
Lord of the Rings
Random Quiz
Search Sporcle
×
Quiz Lab
Quiz Lab
Literature
Harry Potter
Type in answers that appear in a list
Type in answers that appear in a list
Classic
Best Score? Go Orange.
Harry Potter Characters by House Stats
Can you name the Harry Potter Characters by House?
By
KKrakowka
13m
122 Questions
603 Plays
603 Plays
603 Plays
Comments
Comments
Give Quiz Kudos
Give Quiz Kudos
-
- Ratings
hide this ad
More Info
Replay
Link that replays current quiz
Next Quiz
Link to next quiz in quiz playlist
You Got
0%
They Got
Avg Score
54%
Avg Friend Score
Upgrade to see
Score Distribution
Jump to the score distribution portion of the page
Score
0/122
Timer
13:00
0
Plays Today
House
Character
% Correct
Gryffindor
Harry Potter
97.5%
Gryffindor
James Potter
95.5%
Gryffindor
Ginny Weasley
95%
Gryffindor
Lily Evans
94.9%
Gryffindor
Fred Weasley
94.7%
Gryffindor
Ronald Weasley
94.5%
Gryffindor
Percy Weasley
94.2%
Gryffindor
Bill Weasley
94.2%
Gryffindor
George Weasley
94.2%
Gryffindor
Molly Weasley
93.2%
Gryffindor
Arthur Weasley
93%
Gryffindor
Albus Dumbledore
92.5%
Gryffindor
Sirius Black
91.9%
Slytherin
Draco Malfoy
89.7%
Slytherin
Lucius Malfoy
88.9%
Gryffindor
James Sirius Potter
88.2%
Slytherin
Regulus Black
87.9%
Slytherin
Bellatrix Black
87.2%
Slytherin
Narcissa Black
86.9%
Slytherin
Phineas Nigellus Black
86.1%
Gryffindor
Neville Longbottom
85.6%
Gryffindor
Minerva McGonagall
84.7%
Gryffindor
Remus Lupin
84.2%
Slytherin
Gregory Goyle
83.6%
Gryffindor
Hermione Granger
83.4%
Slytherin
Severus Snape
83.4%
Slytherin
Vincent Crabbe
83.4%
Ravenclaw
Cho Chang
82.3%
Gryffindor
Parvati Patil
81.8%
Ravenclaw
Luna Lovegood
81.1%
Ravenclaw
Padma Patil
80.9%
Gryffindor
Godric Gryffindor
80.8%
Gryffindor
Peter Pettigrew
80.4%
Gryffindor
Dean Thomas
80.1%
Ravenclaw
Rowena Ravenclaw
79.6%
Gryffindor
Charlie Weasley
79.1%
Hufflepuff
Helga Hufflepuff
78.8%
Gryffindor
Seamus Finnigan
78.6%
Slytherin
Salazar Slytherin
78.6%
Gryffindor
Katie Bell
77.9%
Gryffindor
Colin Creevey
77.8%
House
Character
% Correct
Ravenclaw
Helena Ravenclaw
77.4%
Gryffindor
Angelina Johnson
77.3%
Slytherin
Tom Marvolo Riddle
77.1%
Gryffindor
Dennis Creevey
76.5%
Ravenclaw
Filius Flitwick
75.5%
Gryffindor
Rubeus Hagrid
75.3%
Gryffindor
Lavender Brown
75.3%
Hufflepuff
Cedric Diggory
74.8%
Gryffindor
Alicia Spinnet
72.1%
Gryffindor
Oliver Wood
71.8%
Slytherin
Pansy Parkinson
71%
Hufflepuff
Nymphadora Tonks
70%
Hufflepuff
Hannah Abbott
69.8%
Gryffindor
Nearly Headless Nick
68.5%
Hufflepuff
Susan Bones
65.3%
Hufflepuff
Pomona Sprout
64.5%
Hufflepuff
Ernie Macmillan
64%
Slytherin
Horace Slughorn
63.5%
Slytherin
The Bloody Baron
63.2%
Gryffindor
Lee Jordan
62.4%
Slytherin
Rodolphus Lestrange
61.4%
Hufflepuff
Fat Friar
61.2%
Slytherin
Rabastan Lestrange
61.2%
Slytherin
Blaise Zabini
60.4%
Gryffindor
Cormac McLaggen
57.9%
Hufflepuff
Zacharias Smith
57.7%
Ravenclaw
Michael Corner
56.4%
Ravenclaw
Terry Boot
55.2%
Slytherin
Marcus Flint
55.1%
Hufflepuff
Justin Finch-Fletchley
54.1%
Slytherin
Millicent Bulstrode
53.1%
Ravenclaw
Marietta Edgecombe
52.2%
Ravenclaw
Moaning Myrtle
48.1%
Gryffindor
Romilda Vane
44.8%
Ravenclaw
Anthony Goldstein
43.4%
Slytherin
Theodore Nott
42.8%
Slytherin
Avery
42.6%
Slytherin
Avery
42.6%
Ravenclaw
Penelope Clearwater
42.5%
Ravenclaw
Roger Davies
41.5%
Gryffindor
Jimmy Peakes
41.1%
House
Character
% Correct
Slytherin
Montague
38.3%
Gryffindor
Demelza Robins
37.5%
Gryffindor
Ritchie Coote
34%
Slytherin
Warrington
31.7%
Slytherin
Daphne Greengrass
27.4%
Slytherin
Astoria Greengrass
27.4%
Gryffindor
Jack Sloper
25.4%
Gryffindor
Euan Abercrombie
24.9%
Gryffindor
Andrew Kirke
22.1%
Slytherin
Adrian Pucey
21.6%
Gryffindor
Natalie MacDonald
16.4%
Ravenclaw
Lisa Turpin
15.9%
Slytherin
Evan Rosier
15.6%
Ravenclaw
Mandy Brocklehurst
14.6%
Slytherin
Terence Higgs
13.6%
Slytherin
Bole
12.4%
Slytherin
Miles Bletchley
11.4%
Hufflepuff
Rose Zeller
10.4%
Ravenclaw
Stewart Ackerley
10.3%
Ravenclaw
Fawcett
10%
Slytherin
Derrick
10%
Slytherin
Wilkes
9.6%
Slytherin
Harper
9.3%
Gryffindor
Kenneth Towler
9%
Gryffindor
Geoffrey Hooper
8.1%
Ravenclaw
Eddie Carmichael
8.1%
Gryffindor
Victoria Frobisher
7.8%
Ravenclaw
Bradley
7.8%
Ravenclaw
Chambers
7.3%
Slytherin
Urquhart
7%
Slytherin
Vaisey
6.8%
Hufflepuff
Eleanor Branstone
6.6%
Ravenclaw
Morag McDougal
6.3%
Hufflepuff
Owen Cauldwell
6.1%
Gryffindor
Patricia Stimpson
6%
Ravenclaw
Orla Quirke
5.8%
Slytherin
Malcolm Baddock
5.8%
Slytherin
Graham Pritchard
5.6%
Hufflepuff
Laura Madley
4.8%
Hufflepuff
Kevin Whitby
4.8%
Quiz Playlist
Details
Report
Send in Message
Add To Playlist
More Info:
Hogwarts students both past and present are included
Classic:
Type in answers that appear in a list
Quiz Source
Last Updated: Feb 16, 2017
Quiz Scoreboard
CHALLENGE
Sign Up to Join the Scoreboard
Show All
Scores
Hide
Comments
May contain spoilers
Recently Published
Click the 1999 NBA Draft
by nibperrychub
Sports
2m
Alphabetical 'K' Countries by Flag Minefield
by ylime102
Geography
3m
Pick 6: Fruits
by JohnFran
Miscellaneous
15s
More to Explore
Quiz From the Vault
Featured Blog Post
15 Basketball Trivia Facts You Can Be March Mad About
hide this ad
You Might Also Like...
Tags
Harry Potter Quiz
Character
house
Today's Top Quizzes in Literature
Browse Literature
hide this ad
Today's Top Quizzes in Harry Potter
Browse Harry Potter
Top Contributed Quizzes in Literature
1
Season Plays
2
Pick 3: Harry Potter Hogwarts Quidditch Players
3
Harry Potter Characters: Logic Puzzle
4
Word Ladder: King's 'The Stand'
5
Spring Reading List
6
4-to-1 Blitz: Harry Potter
7
Harry Potter Logic Quiz New
8
Literature Acrostic Puzzle
9
A Court of Thorns and Roses (ACoTaR) Criteria Quiz
10
Keeper of the Lost Cities Logic Puzzle
Explore More
Trending Topics
Disney
Anime
Harry Potter
Crossword
NBA
Kpop
Marvel
WWE
Pokémon
The Office
Country
Puzzle
Song
NFL
Soccer
hide this ad
More By:
KKrakowka
Quiz
Plays
Rating
Category
Featured
Created
Harry Potter Characters by House
603
3.00
Literature
May 19, 2010
Go to Creator's Profile
Score Distribution
Quiz Creator Spotlight
KKrakowka
Follow
Send a Message
Quizzes Created
-
Created Quiz Play Count
-
More By This Creator
Popular Quizzes Today
1
Countries of Asia Without Outlines Minefield
2
Find the US States - No Outlines Minefield
3
Pick 6: Fruits
4
Alphabetical 'K' Countries by Flag Minefield
5
The Countries of the World
6
Find the Countries of Europe - No Outlines Minefield
7
Find the US States
8
US States
More Literature Quizzes
5 to 1: Jane Austen
Editor's Pick
Trending Quizzes
Pick 6: Mountains
Pick 6: Harry Potter
Pick 6: Flags
Pick 6: NFL Teams
Pick 6: Movie Franchises
Recently Updated
NWSL Teams
pecheneg
Women's Final Four Teams by Year
bhenderson79
Presidents Quartet II
eogle
Anything But Clue(do)
eogle
Anything But Oceanian Capitals
eogle
Anything But 7
eogle
Anything But Thing
eogle
Word Ladder: February 29
pecheneg
Song Title Questions
pecheneg
Women's NCAA Tournament #1 Seeds
pecheneg
Trending Topics
Anime
Marvel
Harry Potter
Kpop
NBA
Disney
Crossword
WWE
Country
Puzzle
NFL
Pokémon
Soccer
Song
The Office
Your Account Isn't Verified!
In order to create a playlist on Sporcle, you need to verify the email address you used during registration. Go to your
Sporcle Settings
to finish the process.
Report this User
Report this user for behavior that violates our
Community Guidelines
.
Details:
Send Report
Go to the Sporcle.com Mobile Site →
Comments